[Event "Corus"]
[Site "Wijk aan Zee"]
[Date "2004.01.23"]
[Round "11"]
[White "Bareev, Evgeny"]
[Black "Sokolov, Ivan"]
[Result "1-0"]
[WhiteElo "2714"]
[BlackElo "2706"]
[Annotator "Huebner,R"]
[PlyCount "79"]
[EventDate "2004.01.10"]
[EventType "tourn"]
[EventRounds "13"]
[EventCountry "NED"]
[EventCategory "19"]
[SourceTitle "CBM 099"]
[Source "ChessBase"]
[SourceDate "2004.03.30"]
[SourceVersion "1"]
[SourceVersionDate "2004.03.30"]
[SourceQuality "1"]

1. d4 d5 2. c4 c6 3. Nf3 Nf6 4. Nc3 dxc4 5. a4 Bf5 6. Ne5 Nbd7 7. Nxc4 Nb6 8.
Ne5 a5 9. g3 e6 10. Bg2 Bb4 11. O-O O-O 12. e3 h6 13. Qe2 Bh7 14. Rd1 Nfd7 15.
Nxd7 Nxd7 16. e4 Qe7 17. Be3 Rfd8 (17... Nf6 $11) 18. d5 (18. Rac1 Nf6 19. f3
Ne8 20. Qf2 Nc7 21. Ne2 Na6 22. Nf4 Bd6 23. Bf1 Nb4 24. Bc4 Rd7 25. Nd3 {
1/2-1/2 Ruck,R-Chernin,A/Balatonlelle 2002/CBM 90 (25).}) 18... exd5 {Damit
wird zwar dem Läufer auf h7 ein neuer Ausblick eröffnet, aber auch dem Läufer
auf g2 erhöhte Wirksamkeit verschaftt. Sofortiges} (18... Rac8 {kommt
ebenfalls in Betracht.}) 19. exd5 Rac8 20. Rac1 Ne5 21. h3 Re8 22. Ne4 (22.
dxc6 bxc6 23. Ne4 {bietet eher Aussicht auf einen kleinen Vorteil.}) 22... cxd5
23. Rxc8 Rxc8 24. Rxd5 Rd8 $2 (24... Nc6 $11 {vermeidet alle Schwierigkeiten.})
25. Bc5 Qc7 (25... Bxc5 26. Rxd8+ Qxd8 27. Nxc5 {kostet einen Bauern.}) 26.
Rxd8+ (26. Qb5 {kommt ebenfalls sehr in Betracht:} Bxe4 (26... Nc6 27. Rxd8+
Qxd8 28. Bxb4 Nxb4 29. Qxb7 {Weiß hat einen gesunden Mehrbauern.}) (26... Bg6
27. Rxd8+ Qxd8 28. Bxb4 Qd1+ 29. Qf1 (29. Kh2 Nf3+ {ist unzureichend.}) 29...
Qxf1+ 30. Kxf1 axb4 31. Nd6 b6 32. Ke2 Kf8 33. f4 Bd3+ 34. Ke3 Nc4+ 35. Kxd3
Nxd6 36. g4 {DerKönig des Weißen dringt nach d5 vor; es ist unwahrscheinlich,
daß Schwarz überleben kann.}) 27. Bxe4 Bxc5 28. Rxc5 Nc6 29. Bxc6 bxc6 30. Rxc6
{mit ausgezeichneten Gewinnaussichten.}) 26... Qxd8 27. Bxb4 axb4 28. Nc5 (28.
Qb5 Nd3 29. Qxb7 Bg6 30. b3 Qd4 31. Qb8+ Kh7 32. Qd6 Qa1+ 33. Kh2 {ist
ebenfalls vielversprechend.}) 28... Qd4 29. Nb3 ({Auf} 29. Nxb7 {folgt} b3 30.
a5 Bc2 31. a6 Qxb2 32. a7 Qa1+ 33. Kh2 Qxa7 34. Qxe5 Qxf2 {, und Schwarz
dürfte remis halten können.}) 29... Qd6 30. Bxb7 Bd3 (30... Bf5 31. Bg2 Be6 32.
Nd2 {rettet Schwarz auch nicht; der a-Bauer ist zu stark.}) 31. Qe3 Bc4 32. Nd4
Qc7 33. Bg2 Ba6 34. Nc6 Nxc6 35. Qe8+ Kh7 36. Qxc6 Qa5 37. Qd5 Qxd5 38. Bxd5
Kg6 39. a5 f5 40. Bg2 1-0

[Event "Pamplona"]
[Site "Pamplona"]
[Date "2003.12.28"]
[Round "7"]
[White "Bologan, Viktor"]
[Black "Illescas Cordoba, Miguel"]
[Result "1/2-1/2"]
[WhiteElo "2673"]
[BlackElo "2602"]
[Annotator "Huebner,R"]
[PlyCount "65"]
[EventDate "2003.12.20"]
[EventType "tourn"]
[EventRounds "7"]
[EventCountry "ESP"]
[EventCategory "15"]
[SourceTitle "CBM 099"]
[Source "ChessBase"]
[SourceDate "2004.03.30"]
[SourceVersion "1"]
[SourceVersionDate "2004.03.30"]
[SourceQuality "1"]

1. d4 d5 2. c4 c6 3. Nf3 Nf6 4. Nc3 dxc4 5. a4 Bf5 6. Ne5 Nbd7 7. Nxc4 Nb6 8.
e3 (8. Ne5 {dürfte nachhaltiger sein.}) 8... e6 9. f3 (9. a5 Nxc4 10. Bxc4 Bd6
11. f3 e5 $11 {1/2-1/2 Beliavsky,A-Savchenko,S/Ohrid 2001/CBM 84/[Huebner,R] 
(50). (49)}) 9... Bb4 10. Qb3 (10. e4 Nxe4 11. fxe4 Qh4+ 12. Kd2 Nxc4+ 13. Bxc4
Qxe4 {ist für Weiß nicht empfehlenswert.}) 10... a5 11. Be2 (11. e4 Nxc4 12.
Qxc4 (12. Bxc4 Bxe4 13. fxe4 Qxd4 14. Bd2 Nxe4 15. O-O-O Nf2 16. Bxe6 O-O {
ist nicht attraktiv für Weiß.}) 12... e5 {führt zu ähnlichen Bildern wie die
Partiefortsetzung.}) 11... Nxc4 12. Qxc4 O-O 13. e4 e5 14. exf5 (14. dxe5 Be6
15. Qd3 Nd7 16. f4 Nc5 {sieht nicht verlockend für Weiß aus.}) 14... exd4 15.
O-O dxc3 16. bxc3 Bd6 17. Bg5 Be7 18. Rab1 Nd5 19. Bc1 Rb8 $6 (19... b6 {
nebst Festsetzung des Läufers auf c5 kommt in Betracht.}) 20. Rd1 Qd6 21. Bd2
Bf6 22. f4 Qe7 23. Re1 Bxc3 {Der Textzug führt zu einer klaren Remisstellung.}
(23... Nxc3 {kommt in Betracht:} 24. Bh5 ({Die Fortsetzung} 24. Bxc3 Qe3+ 25.
Kf1 Qxc3 {bietet dem Schwarzen offenbar gute Aussichten.}) 24... Nxb1 25. Rxe7
Nxd2 26. Bxf7+ Kh8 27. Qe6 Bxe7 28. Qxe7 Ne4 29. g4 {mit unklarer Lage.}) 24.
Bf3 Qf6 25. Bxc3 Nxc3 26. Rbc1 Nd5 27. Bxd5 cxd5 28. Qxd5 h6 29. Qxa5 Qd4+ 30.
Kh1 Ra8 31. Qc7 Rxa4 32. Qxb7 Qxf4 33. Rf1 1/2-1/2

[Event "Bundesliga 0102"]
[Site "Germany"]
[Date "2001.11.24"]
[Round "3.1"]
[White "Ribli, Zoltan"]
[Black "Haba, Petr"]
[Result "1-0"]
[WhiteElo "2564"]
[BlackElo "2482"]
[Annotator "Huebner,R"]
[PlyCount "73"]
[EventDate "2001.10.06"]
[EventType "team-tourn"]
[EventRounds "15"]
[EventCountry "GER"]
[SourceTitle "CBM 087"]
[Source "ChessBase"]
[SourceDate "2002.03.21"]
[SourceVersion "1"]
[SourceVersionDate "2002.03.21"]
[SourceQuality "1"]
[WhiteTeam "Tegernsee"]
[BlackTeam "Erfurt SK"]
[WhiteTeamCountry "GER"]
[BlackTeamCountry "GER"]

1. c4 c6 2. d4 d5 3. Nf3 Nf6 4. Nc3 dxc4 5. a4 Bf5 6. Ne5 e6 7. f3 Bb4 8. e4
Bxe4 9. fxe4 Nxe4 10. Bd2 Qxd4 11. Nxe4 Qxe4+ 12. Qe2 Bxd2+ 13. Kxd2 Qd5+ 14.
Kc2 Na6 15. Nxc4 O-O 16. Qe5 Rab8 17. a5 (17. Be2 f6 (17... Nb4+ 18. Kb3 b5 19.
axb5 Rxb5 20. Qxd5 cxd5 21. Ne3 Rb7 22. Kc3 Nc6 23. Nd1 Rc8 $15 {1/2-1/2
Malaniuk,V-Milov,L/Simferopol/Alushta 1992 (65)}) 18. Qxd5 (18. Qe3 Nb4+ {
gefolgt von b7-b5 sieht zu gefährlich für Weiß aus.}) 18... cxd5 19. Nd6 (19.
Na5 Rfc8+ 20. Kd2 Nc5 {sieht ungünstig für Weiß aus.}) (19. Nd2 Rfc8+ 20. Kb3
Nc5+ 21. Kb4 {war aber vielleicht solider als der Textzug.}) 19... Nb4+ 20. Kb1
(20. Kb3 {überläßt dem Schwarzen Vorteil:} Nc6 21. Rad1 a6 22. Bg4 f5 23. Bxf5
exf5 24. Rxd5 $17) (20. Kc3 Nc6 21. Nb5 {sieht aber folgerichtiger aus.}) 20...
a6 21. Ra3 Nc6 22. Rc1 Nd4 23. Bf1 Rfd8 24. Rd3 e5 25. Rxd4 exd4 26. Nf5 g6 27.
Nxd4 $14 {1/2-1/2 Sergejev,R-Haba,P/Pula 1997/CBM 57 ext/[Huebner,R] (105)})
17... Rfc8 {Dies ist, so weit ich sehe, ein neuer Zug: Schwarz verhindert den
Damentausch auf d5; dafür steht der Turm auf c8 nicht besonders wirkungsvoll.}
(17... Rfd8 18. Be2 f6 ({Auf} 18... Nb4+ {folgt} 19. Kb3 b5 20. axb6 ({Nicht
besser ist} 20. Qxd5 exd5 21. Ne5 c5 {mit unklarem Spiel.}) 20... Qxe5 21. Nxe5
Rxb6 22. Kc4 {mit besserem Spiel für Weiß.}) 19. Qxd5 ({Die Fortsetzung} 19.
Qe3 Qf5+ 20. Kb3 (20. Kc1 Nb4 {ist nicht besser.}) ({Die Fortsetzung} 20. Kc3
Nc7 21. Kb3 b5 {sieht nicht angenehm für Weiß aus.}) 20... b5 (20... Qb5+ {
ist auch spielbar.}) 21. axb6 Nc5+ {ist unbequem für Weiß.}) 19... cxd5 20. Nd2
Rdc8+ (20... Kf7 21. Rhc1 Rdc8+ 22. Kd1 Ke7 23. Nb3 e5 24. Rc3 Rxc3 25. bxc3
Nc7 $11 {1/2-1/2 Ivanchuk,V-Bareev,E/Montecatini Terme 2000/CBM 79/[Huebner,R]
(67). (67)}) 21. Kb1 (21. Kb3 {Dies gefällt mir noch besser; der Damenspringer
des Schwarzen kann nicht über b4 ins Spiel gebracht werden, und Weiß kann nach
geeigneter Vorbereitung Kb3-a3 nebst b2-b4 spielen.}) 21... Kf7 22. Ra3 Nb4 23.
Nb3 Nc2 24. Ra4 Ne3 25. g3 e5 26. Re1 d4 27. Bd3 Rc7 28. Rc1 Rxc1+ (28... Rbc8
29. Rxc7+ Rxc7 {sieht natürlicher aus.}) 29. Kxc1 Rc8+ 30. Kd2 Rc7 31. Rb4 f5
32. Rb5 Kf6 33. Nc5 e4 34. Be2 a6 (34... g5 35. b4 Re7 36. Rxb7 Rxb7 37. Nxb7
f4 {ist der Ausgang der Partie noch nicht klar, zum Beispiel} 38. b5 (38. Nd6
Ke5 39. Nc4+ Kd5 {sieht nicht erfolgversprechender aus.}) 38... f3 39. b6 axb6
40. a6 Nd5 41. a7 Nc7 {usw.}) 35. Rb6+ Ke5 36. b4 Kd5 37. Rxb7 Rxb7 38. Nxb7
Nc4+ 39. Bxc4+ Kxc4 40. Nd6+ Kxb4 41. Nxf5 Kxa5 42. Nxd4 Kb4 43. Ke3 Kc4 44.
Nf5 a5 45. Nd6+ Kb4 46. Nxe4 a4 47. Kd3 a3 48. Kc2 Kc4 49. Ng5 h6 50. Ne6 g5
51. g4 Kd5 52. Nd8 Ke4 53. Nf7 {1-0 Bareev,E-Ribli,Z/Neum 2000/CBM 80/[Huebner,
R] (53).}) (17... Nb4+ 18. Kb3 c5 (18... b5 19. Qxd5 exd5 20. Ne5 $16) 19. Qxd5
exd5 20. Nd6 {mit Vorteil für Weiß.}) 18. Be2 f6 19. Qe3 Qf5+ 20. Kc1 Nb4 21.
Qd2 Qc5 (21... Rd8 $5 22. Qxb4 Qf4+ 23. Kb1 Qe4+ 24. Ka2 Qxe2 {führt zu einer
unklaren Lage.}) 22. Rd1 Rd8 {Dies dürfte zu einer etwa ausgeglichenen
Stellung führen.} ({Nach} 22... b5 $6 23. axb6 axb6 24. Qd6 {hat Weiß Vorteil,
aber}) (22... Nd5 {führt ebenfalls zu etwa gleichem Spiel.}) 23. Qxd8+ Rxd8 24.
Rxd8+ Kf7 25. Rd7+ Kg6 $2 {Hier steht der König zu exponiert.} (25... Kg8 26.
Ra3 {ist ebenfalls nicht gut für Schwarz, denn} Qf5 (26... Qg5+ 27. Kd1 Qxg2
28. Rg3 Qh1+ 29. Kd2 g5 30. Re3 {mit entscheidendem Angriff.}) (26... Qg1+ 27.
Kd2 Qxh2 28. g3 Qh6+ 29. Ne3 Qg5 30. Rxb7 Qc5 31. Bc4 {, und Weiß macht
Fortschritte.}) 27. Rd8+ Kf7 28. Nd6+ {kostet ihn die Dame.}) (25... Kf8 26.
Ra3 Qg5+ 27. Ne3 (27. Kd1 {kann hier mit} Qxg2 {beantwortet werden, denn nach}
28. Rg3 Qh1+ 29. Kd2 Qxh2 30. Rgxg7 Qh6+ 31. Kc3 Nd5+ {gewinnt Schwarz.}) 27...
Nd5 28. a6 b5 {mit unklaren Folgen.}) (25... Ke8 {genügt ebenfalls zum
Ausgleich:} 26. Rxb7 (26. Rxg7 Qf2 {ist nicht besser.}) 26... Qf2 27. Rxb4 (27.
Ra4 Qe1+ (27... c5 $11) 28. Bd1 Nd3+ 29. Kc2 Nc5 $13) 27... Qe1+ 28. Kc2 Qxb4
29. Rd1 Ke7 $13 {usw.}) 26. Ra3 Qg1+ 27. Bd1 Qxh2 28. Rd4 $1 (28. Rxb7 {
verspricht nicht mehr, nach} Qf4+ 29. Nd2 h5 (29... a6 {scheitert an} 30. Bh5+
Kxh5 (30... Kh6 31. Rh3 {rettet den Schwarzen nicht.}) 31. Rxg7 Kh6 32. Rg8)
30. Be2 ({Nach} 30. Bxh5+ Kxh5 31. Rxg7 {hat Schwarz die Verteidigung} Kh6 32.
Rg8 Kh7) (30. Rxa7 Qd6 31. Rb7 Qc5+ 32. Kb1 Qg1 {führt zum Remis.}) 30... Nd5 {
kann Schwarz weiterkämpfen}) 28... h6 {Unbefriedigend ist auch:} (28... f5 $6
29. Re3 Kf6 30. Rd6 Qxg2 31. Rexe6+ Kg5 32. Ne5 {mit entscheidendem Angriff
für Weiß.}) (28... h5 $6 29. Rh3 Qg1 30. Ne5+ fxe5 31. Rxb4 {mit Vorteil für
Weiß:} Qc5+ 32. Bc2+ {mit Gegenschach.}) 29. Rh3 Qc7 30. Re3 Nd5 (30... e5 31.
Nxe5+ fxe5 32. Rxb4 Qxa5 33. Bc2+ Kf6 34. Rxb7 {ist hoffnungslos für Schwarz.})
31. Rxe6 Kf7 32. Rde4 Kg8 33. Rd6 g6 34. Re8+ Kg7 35. Red8 Qf7 36. R8d7 Ne7 37.
Bb3 1-0

[Event "Elgoibar 13th"]
[Site "Elgoibar"]
[Date "2003.12.09"]
[Round "7.3"]
[White "Conquest, Stuart"]
[Black "Saldano Dayer, Horacio"]
[Result "1-0"]
[WhiteElo "2545"]
[BlackElo "2424"]
[Annotator "Huebner,R"]
[PlyCount "53"]
[EventDate "2003.11.03"]
[EventType "tourn"]
[EventRounds "9"]
[EventCountry "ESP"]
[EventCategory "9"]
[SourceTitle "CBM 099"]
[Source "ChessBase"]
[SourceDate "2004.03.30"]
[SourceVersion "1"]
[SourceVersionDate "2004.03.30"]
[SourceQuality "1"]

1. d4 d5 2. c4 c6 3. Nf3 Nf6 4. Nc3 dxc4 5. a4 Bf5 6. Nh4 Bd7 7. g3 c5 8. d5 {
Dies ist ein neuer Zug und wahrscheinlich eine Verbesserung gegenüber dem
Vorgänger:} (8. Bg2 cxd4 ({Mit der Fortsetzung} 8... Nc6 9. d5 (9. dxc5 e5 {
ist natürlich auch gut für Schwarz.}) 9... Na5 {hatte Schwarz meines Erachtens
Aussichten auf Vorteil.}) 9. Qxd4 Nc6 10. Qxc4 e6 11. O-O Be7 12. Rd1 Rc8 13.
Bg5 O-O $11 {1-0 Hoffman,A-Benares de sa Leitao,R/Santos 2001/CBM 82/[Huebner,
R] (53). (52)}) 8... e6 9. e4 exd5 10. exd5 Qe7+ (10... Bd6 {kommt ebenfalls
in Betracht.}) 11. Be2 Bh3 12. Bf4 Na6 13. Qd2 Nb4 14. d6 (14. O-O-O {ist
flexibler. Nach} Ne4 (14... O-O-O 15. Bxc4 {ist viel ungünstiger für Schwarz
als dieselbe Fortsetzung mit Einschaltung von d5-d6, weil nun dem
Damenspringer des Schwarzen das Feld c6 nicht zur Verfügung steht.}) 15. Qe1
Nxc3 16. bxc3 Nd3+ 17. Bxd3 cxd3 18. Qxe7+ Bxe7 19. Rhe1 Kd8 20. Rxd3 c4 {
entsteht dennoch eine ungefähr ausgeglichene Stellung.}) 14... Nd3+ $2 {
Schwarz stellt eine Figur ein. Befriedigend für ihn ist die Fortsetzung} (14...
Qd7 15. Bxc4 O-O-O 16. O-O-O Nc6 17. Rhe1 (17. Bb5 a6 {führt zu besserem Spiel
für Schwarz.}) 17... h6 (17... Nd4 18. Nb5 {bringt dem Schwarzen keinen Segen.}
) 18. Nf3 Bg4 {Schwarz hat keine Sorgen.}) (14... Qe6 15. O-O-O O-O-O 16. Rhe1
Nc6 17. Bf1 Qd7 18. Bxc4 {kommt auf das Gleiche hinaus.}) 15. Qxd3 $18 cxd3 16.
dxe7 dxe2 17. exf8=Q+ Rxf8 18. Kxe2 O-O-O 19. Rhe1 Rde8+ 20. Be3 Re6 21. Nf3
Bg4 22. h3 Bxh3 23. Ng5 Bg4+ 24. f3 Re5 25. Kf2 h6 26. Bf4 Ree8 27. Nb5 1-0

[Event "GER-ch 73th"]
[Site "Altenkirchen"]
[Date "2001.12.06"]
[Round "7"]
[White "Hammes, Michael"]
[Black "Mueller, Karsten"]
[Result "0-1"]
[WhiteElo "2377"]
[BlackElo "2503"]
[Annotator "Huebner,R"]
[PlyCount "92"]
[EventDate "2001.11.30"]
[EventType "swiss"]
[EventRounds "9"]
[EventCountry "GER"]
[SourceTitle "CBM 087"]
[Source "ChessBase"]
[SourceDate "2002.03.21"]
[SourceVersion "1"]
[SourceVersionDate "2002.03.21"]
[SourceQuality "1"]

1. d4 Nf6 2. Nf3 d5 3. c4 c6 4. Nc3 dxc4 5. a4 Bf5 6. Ne5 Nbd7 7. Nxc4 Nb6 8.
Ne5 e6 9. g3 $6 {In dieser Stellung verspricht diese Fortsetzung nichts...} Bb4
10. Bg2 Ne4 11. Bxe4 {... wie man sieht.} Bxe4 12. f3 f6 13. Nd3 Bxd3 14. Qxd3
c5 15. Qb5+ $6 (15. dxc5 Qxd3 16. exd3 Bxc5 17. Ke2 $11) 15... Qd7 16. dxc5
Qxb5 17. axb5 Bxc5 18. Ne4 Bb4+ 19. Bd2 Bxd2+ 20. Nxd2 $6 (20. Kxd2 O-O-O+ (
20... Ke7 21. Rhc1 Rhd8+ 22. Ke1 Nd5 23. Nc5 $11) 21. Ke3 Kb8 22. Rhc1 Rd5 $15)
20... Ke7 21. Kf2 Rhc8 22. Nb3 Rc2 23. Rhb1 Nc8 24. Na5 $6 (24. Nd4 {, und
Weiß sollte sich mühelos halten können.}) 24... Nd6 25. b6 a6 26. Rc1 (26. b4
Rac8 $17) 26... Rac8 27. Rxc2 Rxc2 28. b4 Rb2 29. Rc1 Rxb4 30. Rc7+ Kf8 31.
Nxb7 Rxb6 32. Nc5 $2 {Dies aber ist ein krasser Urteils- oder Rechenfehler.
Nach} (32. Nxd6 Rxd6 33. Ra7 {hält Weiß immer noch ziemlich mühelos remis,
weil der König des Schwarzen nicht aktiviert werden kann.}) 32... Nb5 33. Rc8+
Ke7 34. Ra8 Nc7 35. Rc8 Kd6 36. Na4 (36. Ne4+ Kd7 37. Rg8 Ne8 {ist ebenfalls
fatal für Weiß.}) 36... Rb4 37. Nc5 a5 38. Ke3 f5 39. Nd3 Rb7 40. Rh8 a4 41.
Rxh7 a3 42. Nc1 Nd5+ 43. Kd3 Nb4+ 44. Ke3 a2 45. Nxa2 Nxa2 46. Kf4 g5+ 0-1

[Event "Corus-C"]
[Site "Wijk aan Zee"]
[Date "2004.01.23"]
[Round "11"]
[White "Ernst, Sipke"]
[Black "Smeets, Jan"]
[Result "1-0"]
[WhiteElo "2474"]
[BlackElo "2505"]
[Annotator "Huebner,R"]
[PlyCount "65"]
[EventDate "2004.01.10"]
[EventType "tourn"]
[EventRounds "13"]
[EventCountry "NED"]
[EventCategory "9"]
[SourceTitle "CBM 099"]
[Source "ChessBase"]
[SourceDate "2004.03.30"]
[SourceVersion "1"]
[SourceVersionDate "2004.03.30"]
[SourceQuality "1"]

1. d4 d5 2. c4 c6 3. Nf3 Nf6 4. Nc3 dxc4 5. a4 Bf5 6. Ne5 Nbd7 7. Nxc4 Qc7 8.
g3 e5 9. dxe5 Nxe5 10. Bf4 Nfd7 11. Bg2 g5 12. Ne3 (12. Nxe5 gxf4 {1/2-1/2
Birjukov,S-Haimi,A/Lahti 1997/EXT 99 (12)}) ({Nach} 12. Bxe5 Nxe5 13. Qd4 f6 (
13... Nxc4 14. Qxh8 O-O-O {wurde laut Schachwoche 4/2000, S.12, von G.Kasparov
befürchtet, doch sehe ich nach} 15. Qf6 {keine ansprechende Fortsetzung für
Schwarz.}) 14. O-O Be7 {dürfte Weiß kaum Vorteil haben. Der Textzug gefällt
mir weit besser, weil Weiß den wichtigen weißfeldrigen Läufer des Gegners
eliminiert.}) 12... gxf4 13. Nxf5 O-O-O 14. Qc2 Kb8 {Dies scheint ein neuer
Zug zu sein. Er ist nicht frei von Gefahren. Daher seien die anderen bisher in
dieser Stellung gewählten Züge in Erinnerung gebracht:} (14... Ng4 {wurde in
der Stammpartie gespielt, danach jedoch nicht mehr versucht:} 15. a5 fxg3 (
15... a6 16. Ra4 h5 17. Rxf4 Qxa5 18. O-O {mit Vorteil für Weiß.}) (15... Bc5
16. O-O (16. Ne4 Bb4+ {ist weniger überzeugend.}) 16... fxg3 17. hxg3 a6 (17...
Bxf2+ 18. Rxf2 Nxf2 19. Kxf2 {ist nicht genügend für Schwarz; der Springer auf
f5 steht zu stark.}) 18. Ne4 Bf8 19. Rfd1 {mit Vorteil für Weiß.}) 16. hxg3 a6
17. Ra4 Ndf6 18. Ne4 Nxe4 ({Bessere Möglichkeiten, die Nachteile der
Bauernstruktur durch dynamisches Figurenspiel auszugleichen, bot meines
Erachtens die Fortsetzung} 18... Nd5 19. Bh3 Ne5 20. Nc5 Kb8) 19. Bxe4 h5 20.
Kf1 Kb8 21. Kg2 Be7 22. Nxe7 Qxe7 23. Bf3 Ne5 ({Die Fortsetzungen} 23... Qg5
24. Rb4 {oder}) (23... Qe6 24. Qc3 ({Ungenügend ist die Fortsetzung} 24. Rxh5
Rxh5 25. Bxg4 Qd5+ 26. Bf3 Qf5) 24... f6 25. Rd4 {bewahren den Schwarzen auf
die Dauer auch nicht vor Bauernverlust. Seine Stellung ist strategisch
verloren.}) 24. Bxh5 {1-0 Kasparov,G-Morozevich,A/Wijk aan Zee 2000/CBM 75/
[Huebner,R] (45). (45)}) (14... Bb4 {gefällt mir besser. Es wurde einige Male
probiert, nachdem es in den Anmerkungen zur oben wiedergegebenen Partie
vorgeschlagen wurde:} 15. gxf4 (15. O-O fxg3 16. hxg3 h5 17. Na2 Bf8 18. b4 h4
(18... Ng6 $5) 19. Nxh4 Rxh4 20. gxh4 Ng4 21. f4 (21. Rfe1 Qh2+ 22. Kf1 Qxh4
23. Qf5 {verdient Prüfung.}) 21... Qb6+ 22. Kh1 Nf2+ 23. Rxf2 Qxf2 24. Rf1
Qxh4+ 25. Kg1 a5 26. Qc3 axb4 27. Nxb4 Bc5+ 28. e3 Rg8 29. Nc2 Nf6 30. Qxc5
Rxg2+ {1/2-1/2 Georgiev,K-Lamprecht,F/Germany 2002/EXT 2003 (30).}) {folgt}
15... Nc4 16. Qb3 (16. e3 Nc5 {überläßt dem Schwarzen eine beachtliche
Initiative.}) 16... Bxc3+ 17. Qxc3 Qxf4 {mit genügendem Gegenspiel für Schwarz.
} 18. Ne7+ Kc7 19. b3 Qe5 20. Qxe5+ Ncxe5 {1/2-1/2 Doettling,F-Naumann,A/
Fuerth 2001/EXT 2002 (20)}) (14... Nc5 {ist die beliebteste Fortsetzung:} 15.
O-O ({Auf} 15. gxf4 {folgt} Nc4 {mit starkem Gegenspiel.}) (15. b4 f3 {ist
ebenfalls nicht besonders attraktiv für Weiß.}) 15... Ne6 (15... fxg3 16. hxg3
a5 17. Rad1 h5 18. Rxd8+ Qxd8 19. Rd1 Qc7 20. Ne4 Nxe4 21. Qxe4 Bb4 $11 {
1/2-1/2 Sasikiran,K-Sturua,Z/Dubai 2002/CBM 87 ext (51). (51)}) 16. Rad1 Bc5 (
16... Bb4 {ist weniger genau:} 17. Na2 {, und auf} Bc5 {folgt} 18. b4) 17. Ne4
Bb4 18. e3 (18. Qc1 fxg3 19. hxg3 Rxd1 20. Rxd1 Rd8 21. Bh3 Kb8 22. Kg2 a5 23.
b3 {1/2-1/2 Kramnik,V-Morozevich,A/Astana 2001/CBM 84/[Huebner,R] (23).}) 18...
fxe3 19. fxe3 Kb8 20. Nf6 a5 $11 {1/2-1/2 Bareev,E-Morozevich,A/Wijk aan Zee
2002/CBM 87/[Huebner,R] (41). (41)}) 15. O-O fxg3 16. hxg3 h5 {Der Angriff des
Schwarzen kommt nur langsam in Gang. Es kam in Betracht, für die Verbindung
der Türme zu sorgen. Nach} (16... Bb4 17. Na2 Qa5 18. Nxb4 Qxb4 19. Rfc1 {
hat Weiß die etwas bessere Stellung.}) 17. Rfd1 Ng6 {Es gibt nichts Besseres.
Es ist zu spät für} (17... Nc5 18. Rxd8+ Qxd8 19. b4 {mit großem Vorteil für
Weiß.}) (17... Bb4 18. Na2 Qb6 19. Nxb4 Qxb4 20. Rd4 {sieht auch nicht
erfreulich für Schwarz aus.}) 18. Rac1 h4 $2 {Danach sehe ich keine Rettung
mehr für Schwarz.} (18... Nde5 {sieht sinnvoll aus, um den Punkt c6 wieder zu
schützen und erleichternden Turmtausch zu erzwingen.} 19. Nd5 Qa5 {sieht nicht
verderblich für Schwarz aus.}) 19. Nb5 Qb6 20. Nbd4 hxg3 {Jetzt ist es zu spät
für} (20... Nde5 {.Nach} 21. a5 Qxa5 22. f4 h3 23. Be4 h2+ 24. Kg2 {verliert
Schwarz eine Figur, denn} Nd7 25. Nxc6+ bxc6 26. Qxc6 {führt zu nichts Gutem
für Schwarz.}) 21. a5 gxf2+ 22. Kf1 Qc7 (22... Qa6 23. Qb3 {, und Weiß gewinnt.
}) 23. Qb3 Qh2 {Dies ist die einzige Art und Weise, einen sofort tödlichen
Einschlag auf c6 zu verhindern.} 24. Nf3 Qf4 25. a6 Bb4 26. N5d4 c5 27. Qd5 Qc7
28. Qxf7 {Schwarz ist verloren. Die Gabel auf e6 wird sein Fleisch
durchlöchern.} Nge5 (28... Nf4 29. Nb5 Rhf8 30. Qxf8 {rettet den Schwarzen
nicht.}) 29. Nxe5 Qxe5 30. Qf3 Qc7 31. Ne6 Ne5 32. Rxd8+ Rxd8 33. Qe4 1-0